书目信息 |
| 题名: |
花之绘:38种花的色铅笔图绘
|
|
| 作者: | 飞乐鸟 著 | |
| 分册: | ||
| 出版信息: | 北京 中国水利水电出版社 2012.12 |
|
| 页数: | 163页 | |
| 开本: | 20cm | |
| 丛书名: | ||
| 单 册: | ||
| 中图分类: | J214.1 | |
| 科图分类: | ||
| 主题词: | 绘画--技法(美术) | |
| 电子资源: | ||
| ISBN: | 7-5170-0270-8 | |
| 000 | 00612nam0 2200193 450 | |
| 001 | 1554894531 | |
| 005 | 20150409151741.13 | |
| 010 | @a7-5170-0270-8@dCNY32.00 | |
| 100 | @a20150409d2012 km y0chiy0120 ea | |
| 101 | 0 | @achi |
| 102 | @aCN@b110000 | |
| 200 | 1 | @a花之绘:38种花的色铅笔图绘@Ahua zhi hui:38 zhong hua de se qian bi tu hui@f飞乐鸟著@Ffei yue niao zhu |
| 210 | @a北京@c中国水利水电出版社@d2012.12 | |
| 215 | @a163页@d20cm | |
| 606 | 0 | @a绘画@x技法(美术) |
| 690 | @aJ214.1@v4 | |
| 701 | 0 | @a飞乐鸟@Afei yue niao@4著 |
| 801 | 0 | @aCN@b大连网信软件有限公司图书馆·11@c20150409 |
| 905 | @aZUCC@dJ214.1@eF314 | |
| 花之绘:38种花的色铅笔图绘/飞乐鸟著.-北京:中国水利水电出版社,2012.12 |
| 163页;20cm |
| ISBN 7-5170-0270-8:CNY32.00 |
| ● |
| 相关链接 |
|
|
|
正题名:花之绘:38种花的色铅笔图绘
索取号:J214.1/F314
 
预约/预借
| 序号 | 登录号 | 条形码 | 馆藏地/架位号 | 状态 | 备注 |
| 1 | 495783 | 204957831 | 社科库309/ [索取号:J214.1/F314] | 在馆 |